000 00468nam a2200193Ia 4500
005 20250603145752.0
008 250603s9999 xx 000 0 und d
020 _a0321433793 |a 9780321433794
050 _aQA 276 .12 .D48/
100 _aDe Veaux, Richard D.
245 0 _aStats : data and models
250 _a2nd ed.
260 _aBoston
260 _bPearson Addison-Wesley
260 _cc2008
300 _a869 p
650 _aBoston
942 _cBK
999 _c42796
_d42796